|
|
|
|
| LEADER |
02212nam a2200601 i 4500 |
| 001 |
nkc20213307926 |
| 003 |
CZ PrNK |
| 005 |
20210723082352.0 |
| 007 |
ta |
| 008 |
210215s2020 xr a f 000 0 eng |
| 015 |
|
|
|a cnb003307926
|
| 020 |
|
|
|a 978-80-7343-484-7
|q (Centrum pro ekonomický výzkum a doktorské studium UK ;
|q brožováno)
|
| 020 |
|
|
|a 978-80-7344-566-9
|q (Národohospodářský ústav AV ČR ;
|q brožováno)
|
| 035 |
|
|
|a (OCoLC)1263258018
|
| 040 |
|
|
|a BOA001
|b cze
|d ABA001
|e rda
|
| 041 |
0 |
|
|a eng
|b cze
|b eng
|
| 072 |
|
7 |
|a 336.7
|x Finance
|2 Konspekt
|9 4
|
| 080 |
|
|
|a 336.76
|2 MRF
|
| 080 |
|
|
|a 336.763.2
|2 MRF
|
| 080 |
|
|
|a 336.7:519.86
|2 MRF
|
| 080 |
|
|
|a 004.852
|2 MRF
|
| 080 |
|
|
|a (048.8)
|2 MRF
|
| 100 |
1 |
|
|a Babiak, Mykola
|7 kv2018988748
|4 aut
|
| 245 |
1 |
0 |
|a Deep learning, predictability, and optimal portfolio returns /
|c Mykola Babiak, Jozef Baruník
|
| 264 |
|
1 |
|a Prague :
|b CERGE-EI,
|c 2020
|
| 300 |
|
|
|a 43 stran :
|b ilustrace ;
|c 21 cm
|
| 336 |
|
|
|a text
|b txt
|2 rdacontent
|
| 337 |
|
|
|a bez média
|b n
|2 rdamedia
|
| 338 |
|
|
|a svazek
|b nc
|2 rdacarrier
|
| 490 |
1 |
|
|a Working paper series,
|x 1211-3298 ;
|v 677
|
| 504 |
|
|
|a Obsahuje bibliografii a bibliografické odkazy
|
| 546 |
|
|
|a Anglické a české resumé
|
| 650 |
0 |
7 |
|a finanční investování
|7 ph137283
|2 czenas
|
| 650 |
0 |
7 |
|a kapitálové trhy
|7 ph114867
|2 czenas
|
| 650 |
0 |
7 |
|a akcie
|7 ph118318
|2 czenas
|
| 650 |
0 |
7 |
|a teorie portfolia
|7 ph180952
|2 czenas
|
| 650 |
0 |
7 |
|a hluboké učení
|7 ph1042930
|2 czenas
|
| 650 |
0 |
9 |
|a financial investments
|2 eczenas
|
| 650 |
0 |
9 |
|a capital market
|2 eczenas
|
| 650 |
0 |
9 |
|a stocks
|2 eczenas
|
| 650 |
0 |
9 |
|a portfolio theory
|2 eczenas
|
| 650 |
0 |
9 |
|a deep learning
|2 eczenas
|
| 655 |
|
7 |
|a studie
|7 fd133597
|2 czenas
|
| 655 |
|
9 |
|a studies
|2 eczenas
|
| 700 |
1 |
|
|a Baruník, Jozef
|7 pna20211118168
|4 aut
|
| 830 |
|
0 |
|a Working paper series (CERGE-EI)
|0 s
|
| 910 |
2 |
|
|a BOA001
|b 2-1468.734
|
| 928 |
9 |
|
|a Národohospodářský ústav AV ČR
|
| 928 |
9 |
|
|a Univerzita Karlova, Centrum pro ekonomický výzkum a doktorské studium
|
| 990 |
|
|
|a BK
|
| 995 |
|
|
|a 01
|
| 991 |
|
|
|b 202106
|c NOV
|
| 996 |
6 |
|
|b 2610869591
|c 2-1468.734
|l MZK
|r Sklad / do 1 hodiny
|n 0
|p p.v.
|w 001854647
|u 000010
|a 1
|e BOA001
|j MZK50
|s P
|